000 00829nas a2200277 4500
001 BR0202633
003 BR-BrBNA
005 20231205103002.0
007 ta
008 230509b bl.|||p| |||| 00| 00por d
040 _aBR-BrBNA
_bpor
_cBiblioteca Nacional de Agricultura
041 _a(Pt)
072 _aF04
100 1 _aGalvão, F. de A.D.
100 1 _aVahl, L.C.
245 1 _aCalibração do método SMP para solos orgânicos
650 _aSOLO ORGÂNICO
650 _aCALAGEM
650 _aPH
650 _aCALCÁRIO
650 _aMÉTODO
773 0 _tRevista Brasileira de Agrociência (Brazil)
_xISSN 0104-8996
_g(May-Aug 1996), v. 2(2) p. 121-130
_wBR0202633
856 4 0 _uhttp://www.ufpel.tche.br/faem/agrociencia/v2n2/artigo10.pdf
909 _a202311
_bLúcia
_c55
_dLúcia Elande
942 _2AGRIS
_n0
_cANA
999 _c170417
_d170417